Polskie miasta na literę L - Statystyki

Ogólne statystyki
  • Ten quiz został rozwiązany 3 562 razy
  • Średni wynik to 3 z 5
Statystyki odpowiedzi
Województwo Miasto % Poprawnych
Lubelskie Lublin
97%
Dolnośląskie Lubin
69%
Dolnośląskie Legnica
54%
Wielkopolskie Leszno
47%
Mazowieckie Legionowo
39%
Nie znaleziono quizów pasujących do podanych kryteriów
Rozkład punktacji
Procent ludzi z każdym wynikiem
Percentyl według liczby udzielonych odpowiedzi
Twoja historia wyników
Nie rozwiązałeś tego quizu